000 00754nam a22001935i 4500
001 152114
003 ES-MaACL
005 20230906204535.0
008 990310s1864 gw |||| | fre d
040 _aCCPB | B
_bspa
_cCCPB | B
100 0 _aBiedermann, Charles.
_928799
245 1 4 _aLes systèmes représentatifs avec élections populaires
_b: Historiquement exposés et développés en rapport avec les conditions politiques et sociales des peuples /
_cpar Charles Biedermann ; traduit de l'allemand par Stanislas Leportier.
260 _aLeipzig :
_bF. A. Brockhaus,
_c1864.
300 _aIV, [2], 278 p. ;
_c21 cm.
596 1 _aMarca tip. en port.
597 1 _aAntep.
852 _aES-MaACL
_jG-10236
_z-- Enc. hol.
999 _c152114
_d152114